000 00325nam a2200133Ia 4500
008 240624s9999 xx 000 0 und d
041 _aeng
082 _a004.22 ICF
100 _aICFAI
245 _aCOMPUTER SYSTEM ARCHITECTURE
260 _c2007
_aHyderabad
_bICFAI University
300 _a177 : p. : cm. ; 26
365 _cRS
999 _c5985
_d5985